000 005790000a22001570004500
090 _aAs
_bSeriadas
100 1 _aSarmiento Garcés, Rodrigo
_9100500
700 1 _aAmat García, Germán
_95379
245 1 0 _aEscarabajos del género Dichotomius hope 1838 (Scarabaeidae: Scarabaeinae) en la amazonía colombiana
041 0 _aEspañol
650 1 4 _aColeoptera
_974
650 1 4 _aEspecies endémicas
_992935
651 4 _pColombia
_lAmazonia
_992749
942 _cARTICULO
773 1 _tRevista de la Academia Colombiana de Ciencias Exactas, Físicas y Naturales
_h127
_q285-296
_d2009
_g33
999 _c16279
_d16279